Central Library OPAC University of Rajshahi

Harper's Review of biochemistry / (Record no. 69293)

MARC details
000 -LEADER
fixed length control field 00714cam a2200241 a 4500
001 - CONTROL NUMBER
control field 69293
003 - CONTROL NUMBER IDENTIFIER
rucl marc code BD-RjUL
005 - DATE AND TIME OF LATEST TRANSACTION
control field 20211209081853.0
008 - FIXED-LENGTH DATA ELEMENTS--GENERAL INFORMATION
fixed length control field 170410s1977 caua 001 0 eng d
020 ## - INTERNATIONAL STANDARD BOOK NUMBER
International Standard Book Number 0870410369
035 ## - SYSTEM CONTROL NUMBER
System control number (BD-RjUL)69504
040 ## - CATALOGING SOURCE
Original cataloging agency GAM-M
Transcribing agency GAM-M
Modifying agency BD-RjUL
Language of cataloging eng
041 ## - LANGUAGE CODE
Language code of text/sound track or separate title eng
082 ## - DEWEY DECIMAL CLASSIFICATION NUMBER
Classification number 572
Author mark and year HAR 1977
Edition number 23
245 00 - TITLE STATEMENT
Title Harper's Review of biochemistry /
Statement of responsibility, etc. David W. Martin ... [et al.]
250 ## - EDITION STATEMENT
Edition statement 16th ed.
260 ## - PUBLICATION, DISTRIBUTION, ETC. (IMPRINT)
Place of publication, distribution, etc. Los Altos, Calif. :
Name of publisher, distributor, etc. Lange Medical Publications,
Date of publication, distribution, etc. c1977.
300 ## - PHYSICAL DESCRIPTION
Pagination 681 p. :
Illustrations ill. ;
Size 26 cm.
504 ## - BIBLIOGRAPHY, ETC. NOTE
Bibliography, etc Includes bibliographical references and index.
650 #2 - SUBJECT ADDED ENTRY--TOPICAL TERM
Topical term or geographic name as entry element Biochemistry.
9 (RLIN) 37776
700 1# - ADDED ENTRY--PERSONAL NAME
Personal name Martin, David W.
942 ## - ADDED ENTRY ELEMENTS (KOHA)
Source of classification or shelving scheme Dewey Decimal Classification
Koha item type Books
Holdings
Lost status Source of classification or shelving scheme Damaged status Not for loan Collection code Permanent Location Current Location Shelving location Date acquired Source of acquisition Total Checkouts Full call number Date last seen Copy number Koha item type
  Dewey Decimal Classification   Not For Loan Non-fiction Central Library, University of Rajshahi Central Library, University of Rajshahi Reading Room 14/03/1989 Asia Foundation   572 HAR 1977 10/04/2017 C-1 Books